[Event "RUS-ch 53rd"]
[Site "Samara"]
[Date "2000.06.17"]
[Round "1"]
[White "Sapunov, Evgeny"]
[Black "Kobalia, Mihail"]
[Result "1/2-1/2"]
[WhiteElo "2498"]
[BlackElo "2593"]
[Annotator "Huebner,R"]
[PlyCount "121"]
[EventDate "2000.06.03"]
[EventType "swiss"]
[EventRounds "11"]
[EventCountry "RUS"]
[SourceTitle "CBM 078"]
[Source "ChessBase"]
[SourceDate "2000.10.18"]
[SourceVersion "1"]
[SourceVersionDate "2000.10.18"]
[SourceQuality "1"]

1. d4 d5 2. c4 c6 3. Nf3 Nf6 4. Nc3 dxc4 5. a4 Bf5 6. Ne5 e6 7. f3 Bb4 8. e4
Bxe4 9. fxe4 Nxe4 10. Ra3 $6 {Diese zweifelhafte Fortsetzung ist schon einige
Male versucht worden; bei bestem Ggenspiel führt sie nicht zum Erfolg.} Qh4+ ({
Weniger wirksam ist} 10... Bxa3 {; bei der Partiefortsetzung gewinnt Schwarz
mehr Zeit, weil Weiß den Damenturm aus der Bedrohung durch den Königsläufer
des Schwarzen zurückziehen muß. Dennoch gibt es zwei Vorbilder mit dieser
Fortsetzung:} 11. Nxe4 Qh4+ (11... Bb4+ 12. Kf2 Nd7 13. Bg5 Nf6 14. Nxf6+ gxf6
15. Bh4 Be7 16. Nxf7 $2 ({Die Fortsetzung} 16. Nxc4 c5 17. d5 Qxd5 18. Qxd5
exd5 19. Ne3 $11 {führte zum Ausgleich.}) 16... Kxf7 17. Bxc4 f5 18. Bxe7 Qxe7
19. Qh5+ Kg7 20. Re1 Rhe8 21. Rxe6 Qd7 22. d5 Rxe6 23. dxe6 Qd4+ 24. Ke1 Qe3+ {
0-1 Neverov,V-Moskalenko,V/Kiev 1986/EXT 97 (24)}) 12. Ng3 Bb4+ 13. Kf2 Nd7 {
1/2-1/2 Cvitan,O-Milov,L/Geneve 1995/CBM 46 ext (13)}) 11. g3 Nxg3 12. hxg3
Qxh1 13. Qg4 O-O 14. Ra1 c5 $2 (14... Qh2 $17 {war der angewiesene Zug; danach
kommt Weiß nicht zu einer harmonsischen Entwicklung seiner Figuren. Zum
Beispiel ist die Fortsetzung} 15. Bxc4 c5 16. Bxe6 h5 17. Bxf7+ Rxf7 18. Qc8+
Rf8 19. Qe6+ Kh7 20. Qg6+ Kh8 21. Nf7+ Rxf7 22. Qxf7 Nc6 {hoffnungslos für ihn.
Nach dem Textzug kommt die Dame des Nachziehenden in Verdrückung; Auch erhält
Weiß auf Grund der Anfälligkeit des Punktes b7 taktische Möglichkeiten.}) 15.
Kf2 f5 ({Nach} 15... Nc6 16. Bg2 Nxe5 17. dxe5 Qh2 18. Bf4 {geht die Dame des
Schwarzen verloren.}) (15... cxd4 {kommt jedoch in Betracht:} 16. Bg2 Qh2 17.
Nf3 ({Die Folge} 17. Bf4 dxc3 18. Rh1 Bc5+ 19. Kf1 Qxh1+ 20. Bxh1 cxb2 21. Qd1
c3 22. Bxb7 f6 23. Nd3 Nd7 {sieht ungünstig für Weiß aus.}) 17... f5 18. Qxd4
Qh5 ({Die Fortsetzung} 18... Bxc3 19. Qxc4 Be1+ 20. Nxe1 Nc6 21. Qxe6+ Kh8 22.
Nf3 Qh5 23. Bf4 {ist nicht günstiger für Schwarz.}) 19. Qxc4 Nc6 20. Qxe6+ Kh8
21. Bf4 {mit etwa ausgeglichener Stellung.}) 16. Qe2 f4 ({Zu schwer
überschaubaren Konsequenzen führt die Fortsetzung} 16... cxd4 17. Bg2 Qh2 18.
Qxc4 (18. Nf3 Qh5 19. Qxe6+ Kh8 20. Nxd4 Nc6 {ergibt befriedigendes Spiel für
Schwarz.}) (18. Bf4 Bc5 19. Qxc4 dxc3+ 20. Qxc5 cxb2 21. Qe7 Nc6 22. Qxe6+ Kh8
23. Re1 {ergibt eine unklare Stellung, doch hat Schwarz auf Grund des starken
Bauern auf b2 jedenfalls ausreichende Gegenchancen.}) 18... dxc3 19. bxc3 Nc6
20. Nxc6 bxc6 21. Bf4 Bc5+ (21... Qh5 22. Qxe6+ {ist schwächer.}) 22. Qxc5 Qh5
{usw. Der Textzug führt zu einer noch chaotischeren Stellung.}) 17. Bg2 Qh6 18.
d5 (18. Bxf4 {ist die plausibelste Fortsetzung:} cxd4 ({Nach} 18... g5 19. Rh1
Qg7 20. Qxc4 Qe7 (20... Rf6 21. Ne4) 21. Nd5 {gewinnt der Angriff des Weißen
entscheidende Kraft.}) 19. Bxb7 (19. Rh1 Rxf4+ 20. gxf4 Qxf4+ 21. Nf3 dxc3 22.
Qxe6+ Kh8 {Der Angriff des Weißen dringt nicht durch.}) (19. Qxc4 Rxf4+ (19...
Bxc3 20. bxc3 Nc6 (20... g5 21. Rh1 Qf6 22. Ng4 {, und Weiß hat entscheidenden
Angriff.}) 21. Bxc6 bxc6 22. Kg2 {mit Vorteil für Weiß.}) 20. gxf4 Qxf4+ 21.
Nf3 Qe3+ 22. Kf1 dxc3 23. Qxb4 Nc6 24. Qxc3 ({Falsch ist} 24. Qxb7 Rb8 25. Qxc6
cxb2 {, und Schwarz gewinnt.}) 24... Qxc3 25. bxc3 {Weiß hat Vorteil in diesem
Endspiel, doch dürfte Schwarz bei sorgfältiger Verteidigung remis halten könne,
weil die Anzahl der Bauern des Weißen schon stark reduziert ist.}) 19... dxc3 (
19... g5 {ist auch hier schwächer:} 20. Rh1 Qg7 21. Bxa8 gxf4 22. Nd1 (22. Be4
fxg3+ 23. Kg1 h6 24. Nd1 (24. Ng4 Qg5 (24... Bc5 25. Nxh6+ Qxh6 26. Qg4+ $18)
25. Rxh6 Bc5 26. Kh1 Rf2 27. Rg6+ Qxg6 28. Bxg6 g2+ 29. Kh2 g1=Q+ 30. Kxg1 Rxe2
31. Nxe2 d3+ $11 {mit Ausgleich.}) 24... Bc5 25. Kg2 Bd6 26. Nxc4 Bf4 27. Rh4 {
Weiß hat einigen Vorteil.}) 22... d3 23. Qe4 Bc5+ 24. Kg2 {Schwarz verkehrt in
Schwierigkeiten.}) 20. Kg2 (20. Rh1 Rxf4+ 21. gxf4 Qxf4+ 22. Kg2 Nd7 23. Nxd7
Qg5+ {, und Schwarz hat nichts zu befürchten.}) 20... cxb2 21. Qxb2 g5 22. Ng4
Qh5 23. Nf6+ Rxf6 24. Qxf6 Qe2+ 25. Kh1 gxf4 26. Qg5+ Kh8 27. Bxa8 fxg3 {
Schwarz überlebt. Der Textzug ist offenbar nicht schlechter als 18.Lf4:.})
18... g5 $2 {Diese Schwächung des Königsflügels sollte auch jetzt fatale
Folgen zeitigen.} (18... Bxc3 19. bxc3 fxg3+ 20. Kxg3 Qf6 21. Rb1 Nd7 22. Nxd7
Qg6+ 23. Kh2 Qxb1 24. Nxf8 Qxc1 25. Nxe6 Qxc3 26. d6 Qf6 27. Qxc4 Qe5+ {
Schwarz kann sich vermutlich retten.}) ({Genauer ist wohl sofortiges} 18...
fxg3+ 19. Kxg3 Qf6 20. Ng4 (20. dxe6 Bxc3 21. bxc3 Nc6 {führt zum Vorteil für
Schwarz.}) 20... Qe7 21. Qxe6+ Qxe6 22. dxe6 Nc6 {mit unklarer Lage.}) 19. gxf4
Qg7 20. Bd2 $6 ({Die Fortsetzung} 20. dxe6 Bxc3 (20... Nc6 21. Nxc6 bxc6 22. e7
Rfe8 23. Bxc6 Rxe7 24. Qxc4+ {, und Weiß gewinnt.}) 21. bxc3 Na6 22. Bd5 {
verschaffte dem Weißen entscheidenden Vorteil. Der Textzug genügt zum Sieg.})
20... exd5 21. Bxd5+ Kh8 22. Rg1 $2 ({Die Fortsetzung} 22. Rh1 Nd7 (22... Nc6 {
scheitert an} 23. Be4 {mit Gewinn für Weiß:} Nxe5 24. Rxh7+ Qxh7 25. Bxh7 Kxh7
26. Qxe5 {usw.}) 23. Be4 Nf6 24. Ng6+ {führte zum Sieg.}) 22... Nc6 23. Bxc6
bxc6 24. Ke1 Rf5 25. Nf3 {Dieser Rückzug ist zu zahm.} ({Mit der Folge} 25. Qe4
Raf8 26. Qxc6 {konnte Weiß die Initiative festhalten.}) 25... Qd7 26. Rxg5 Re8
27. Be3 ({Nicht besser ist} 27. Ne5 Rxg5 28. Nxd7 Rxe2+ 29. Kxe2 Rg2+ 30. Kd1
h5) 27... Rxg5 28. fxg5 Ba5 $11 29. Kf2 Qf7 30. Qd1 Rd8 31. Qh1 Bc7 $2 (31...
Rb8 $5 {ergibt völlig befriedigendes Spiel für Schwarz.}) 32. Qh4 $2 (32. Bxc5
{gab dem Weißen gute Gewinnaussichten:} Rd2+ ({Nach} 32... Bb6 33. Bxb6 axb6
34. Ne4 Qf4 35. Qe1 Rd3 36. Qe2 {erhält Weiß einen gefährlichen Angriff.}) 33.
Ne2 (33. Kg1 Rd3 {ist weniger überzeugend.}) 33... Rc2 (33... Kg8 34. g6 hxg6
35. Bd4 {, und Weiß gewinnt.}) (33... Bb6 34. Bxb6 axb6 35. g6 {mit ähnlichen
Konsequenzen.}) 34. Qd1 {, und Schwarz dürfte sich nicht retten können.}) 32...
Rf8 $6 (32... Rb8 $5 {mit Ausgleich.}) 33. Qg4 (33. Qe4 $5 {ist genauer, weil
der Bauer auf c6 angegriffen wird.}) 33... Qg6 $2 ({Besser war} 33... Rb8 34.
Bxc5 Rxb2+ {, und Schwarz sollte überleben können.}) 34. Ne4 $2 ({Es ist von
entscheidendem belang für Weiß, sich Zugang zum Feld d4 zu verschaffen.} 34.
Bxc5 Qc2+ 35. Ne2 {bot prächtige Gewinnaussichten.}) 34... Bf4 $2 {Die
Aussichten des Schwarzen liegen im Gegenangriff gegen den Bauern auf b2.} (
34... Qg7 35. Bxc5 Bb6 36. Bxb6 Qxb2+ {führte zum Ausgleich.}) 35. Bxf4 $6 (35.
Bxc5 {war sofort gewinnverheißend:} h5 (35... Qf5 36. Qxf5 Rxf5 37. Bxa7 Ra5
38. Bd4+ $18) 36. Qh4 Rf5 37. Bd4+ Kg8 38. Nf6+ Kf7 39. Be3 $18) 35... Qxe4 36.
Kg3 Re8 ({Keinen großen Unterschied ergibt die Fortsetzung} 36... Kg8 37. Bd6
Re8 38. Bxc5 Qxg4+ 39. Kxg4 Re2 40. Bd4 {. Schwarz dürfte verloren sein.}) 37.
Qd7 Re7 38. Qd6 $6 (38. Qd8+ {beendete die Partie:} Kg7 (38... Re8 39. Be5+
Qxe5+ 40. Nxe5 Rxd8 41. Nf7+ $18) 39. Be5+ Kf7 40. Bf6 $18) 38... Qe6 (38...
Kg8 {war nicht besser:} 39. Be5 (39. Qxc5 Rb7 {mit Rettungsaussichten.}) 39...
Rf7 40. Bf6 Qd5 41. Qb8+ Rf8 42. Qxa7 {usw.}) 39. Qxc5 $6 (39. Qb8+ Re8 ({oder
} 39... Kg7 40. Be5+ Kg6 41. Bf6 {, und Weiß gewinnt.}) 40. Be5+ Kg8 41. Qxa7 {
war der einfachste Weg zum Sieg.}) 39... Kg8 40. Ne5 $2 {Jetzt endlich kann
Schwarz sein Gegenspiel gegen den Bauern auf b2 wieder aufnehmen.} ({Mit der
Fortsetzung} 40. Be5 Rb7 41. Bc3 {hätte Weiß eine klare Gewinnstellung
behalten.}) 40... Rb7 41. Ng4 ({Nach} 41. Nxc4 Qe1+ 42. Qf2 Qxf2+ 43. Kxf2 Rb4
44. b3 Rxb3 {kann Weiß nicht mehr gewinnen.}) 41... Qe1+ 42. Nf2 Rb3+ 43. Kg2
Qe2 44. Qxc6 $6 ({Nur nach der Deckung des Bauern auf b2 kann sich Weiß noch
Gewinnhoffnungen machen.} 44. Be5 Re3 45. Bc3 Qf3+ 46. Kg1 {mußte versucht
werden. Nach dem Textzug schwinden die Gewinnaussichten des Weißen.}) 44...
Rxb2 45. Qd5+ Kf8 46. Bd6+ Ke8 47. Bg3 Qc2 48. Qa8+ Kf7 49. Qxa7+ Kg6 50. Qe7
Qf5 51. Qe8+ Kxg5 52. Qg8+ Kh5 53. Qxc4 Rd2 54. a5 Rxf2+ 55. Bxf2 Qxa5 56. Qf7+
Kg4 57. Qf3+ Kg5 58. Be3+ Kg6 59. Qc6+ Kf5 60. Qd7+ Ke4 61. Qd4+ 1/2-1/2

[Event "Bundesliga 0506"]
[Site "Germany"]
[Date "2006.02.18"]
[Round "10.3"]
[White "Nielsen, Peter Heine"]
[Black "Hracek, Zbynek"]
[Result "1/2-1/2"]
[WhiteElo "2646"]
[BlackElo "2581"]
[Annotator "Huebner,R"]
[PlyCount "89"]
[EventDate "2005.10.21"]
[EventType "team-tourn"]
[EventRounds "15"]
[EventCountry "GER"]
[SourceTitle "CBM 112"]
[Source "ChessBase"]
[SourceDate "2006.06.07"]
[SourceVersion "1"]
[SourceVersionDate "2006.06.07"]
[SourceQuality "1"]
[WhiteTeam "Baden-Baden"]
[BlackTeam "Werder Bremen"]
[WhiteTeamCountry "GER"]
[BlackTeamCountry "GER"]

1. Nf3 d5 2. d4 Nf6 3. c4 c6 4. Nc3 dxc4 5. a4 Bf5 6. Ne5 e6 7. f3 c5 {Diese
Variante wird von Schwarz nicht häufig gewählt, aber es ist keineswegs einfach
für Weiß, Vorteil dagegen zu erzielen.} 8. e4 Bg6 (8... cxd4 {ist schärfer,
aber riskanter.}) 9. Be3 cxd4 10. Qxd4 Qxd4 11. Bxd4 Nfd7 (11... Nc6 {ist hier
ebenfalls gespilet worden, aber nach} 12. Nxc6 bxc6 13. a5 {hat Weiß einen
kleinen Vorteil, weil die Bauernstellung des Schwarzen am Damenflügel eine
Zahnlücke aufweist (R.Hübner - Y. Pelletier, Bundesliga 1998).}) 12. Nxc4 {
Dies ist ein neuer Zug. Die Fortsetzung} (12. Nxd7 Nxd7 13. Bxc4 Rc8 {(P.
Cramling - V. Smyslov, Flamenco 1999) verspricht nicht mehr.}) 12... Nc6 13.
Be3 Bc5 14. Kf2 Ke7 15. h4 f6 16. h5 Bf7 17. Rd1 Bxe3+ 18. Nxe3 ({Die Folge} 
18. Kxe3 {sieht etwas aktiver aus, aber der Unterschied ist natürlich äußerst
gering. Die Stellung ist als remis zu beurteilen.}) 18... Rhd8 19. h6 ({
Die Züge} 19. g4) ({und} 19. Bb5 {sehen etwas verständiger aus. Der Bauer auf
h6 kann schwach werden, und nach seinem gegenzug erhält Schwarz Kontrolle über
das Feld f4. Dies alles ist aber nichts Ernsthaftes; die Stellung bleibt im
Gleichgewicht.}) 19... g5 20. Bb5 Nde5 21. Nc4 (21. Bxc6 Nxc6 (21... bxc6 22.
Rxd8 Rxd8 23. Ke2 {ist nicht günstiger für Schwarz.}) 22. g3 {nebst f3-f4
gefällt mir etwas besser. Aber auch der Textzug muß spielbar sein.}) 21... Nxc4
22. Bxc4 Rxd1 23. Rxd1 Rd8 24. Rxd8 Nxd8 25. e5 $2 {Erst dies scheint mir
wirklich riskant zu sein, denn nun wird der e-Bauer des Weißen auch noch
anfällig. Nach} (25. Nb5 a6 26. Nd4 Be8 27. a5 Bd7 28. b4 Nf7 29. Nb3 Nxh6 30.
Nc5 Bc8 31. e5 f5 32. Ke3 {sollte die Stellung des Weißen ohne weiteres
haltbar sein, da der Läufer des Schwarzen eine ziemlich traurige Figur macht.})
25... f5 26. Nb5 Nc6 27. Be2 Be8 28. b3 Nxe5 29. Nxa7 Nf7 30. a5 Nxh6 31. b4
Nf7 32. Nc8+ Kd8 33. Nb6 Nd6 34. Nc4 Nxc4 $6 {Ich hätte den Springertausch
vermieden. Nach} (34... Nb5 {behält Schwarz Gewinnaussichten. Die Stellung ist
einer exakten Analyse nur schwer zugänglich; ich will es anderen überlassen,
ihren Gehalt auszuschöpfen.}) 35. Bxc4 Bd7 36. Bd3 e5 $6 {Jetzt kann Weiß zwei
Bauern am Königsflügel abtauschen, so daß eine klare Remisstellung entsteht.
Es soll untersucht werden, ob} (36... h5 {den Sieg versprochen hätte. Weiß
sollte sich nun um die schwarzen Felder am Königsflügel kümmern;} 37. g3 {
ist die plausibelste Fortsetzung. Schwarz muß} f4 {versuchen.} ({Nach} 37... e5
38. f4 {hält sich Weiß ohne große Schwierigkeiten:} exf4 ({Nach} 38... gxf4 39.
gxf4 e4 40. Be2 h4 41. Kg2 {gewinnt Weiß den h-Bauern des Schwarzen und steht
nicht schlechter.}) 39. gxf4 g4 (39... gxf4 40. Kf3 {bietet dem Schwarzen
keine Gewinnaussichten.}) 40. Kg3 {Die Bauern auf f5 und h5 bilden eine
bequemes Angriffsziel für den Läufer des Weißen; er verfügt über die Mehrheit
am Damenflügel. Die Stellung ist remis.}) 38. gxf4 gxf4 39. Bg6 h4 40. Kg2 e5
41. Bd3 Kc7 42. b5 {Das ist am einfachsten, aber auch Abwarten vergibt das
Unentschieden zunächst nicht:} (42. Bc4 Kd6 ({Nach} 42... b6 43. a6 b5 44. Bd5
Kb6 45. Bb7 {kommt Schwarz nicht mehr weiter, denn der Übergang ins
Bauernendspiel mit Ld7-c6 führt zum Verlust. Auch mit dem Versuch, mit 42...
Kc6 ein Dreiecksmanöver zu beginnen, erreicht Schwarz nichts.}) 43. Bd3 Bc6 44.
Be2 (44. Bf5 {reicht wohl zum Unentschieden:} Bd5 45. b5 Kc5 46. a6 bxa6 47.
bxa6 Kb6 48. Bg4 Kxa6 49. Kh3 Kb5 50. Kxh4 Kc5 51. Kg5 Kd4 52. Kf5 Bc6 53. Bh5
Bb7 54. Kf6 Bxf3 {Sonst kann Schwarz nicht weiterkommen.} 55. Bxf3 e4 56. Bh1 {
Dies ist der einzige Zug, der zum Remis führt.} f3 57. Kf5 Ke3 58. Ke5 f2 59.
Bg2 {usw.}) 44... Kd5 45. b5 ({Eine Verluststellung für Weiß entsteht nach} 45.
Kh3 Kd4 46. b5 Bd5 47. Kxh4 Ke3 48. Bd1 Kd2 {usw.}) 45... Bd7 46. b6 Kc5 47.
Bd3 {Die Stellung ist remis, denn nach} Bb5 48. a6 {verliert Schwarz eine
Figur. Er kann den König nicht von c5 entfernen, ohne seinen Läufer einzubüßen,
solange der Läufer des Weißen auf d3 steht. Bei Bedarf kann Weiß stets Kg2-h2
spielen; Schwarz kommt nicht weiter. Es hat sich gezeigt, daß Weiß nicht
passiv verharren darf, denn dann dringt Schwarz schließlich vor. Wenn er aber
zur rechten Zeit b4-b5-b6 spielt, ist ihm das Remis gewiß.}) 42... Kd6 43. b6 (
43. a6 bxa6 44. bxa6 Kc7 45. Be4 Kb6 46. Bb7 Bb5 {führt zum Verlust für Weiß.})
43... Kc5 44. Be2 Bc8 45. Bd3 Be6 46. Be2 Bd5 47. Kh3 Kd4 48. Kxh4 Ke3 49. a6
bxa6 50. Bxa6 Bxf3 51. b7 Bxb7 52. Bxb7 e4 53. Kh3 f3 54. Kg3 f2 55. Ba6 {
mit remis.Weiß muß darauf achten, daß er seinen Läufer nach d3 stellt, wenn
Schwarz L-c8 spielt; steht er bereits dort, kann er Kg2-h2 ziehen. Dann hat er
auf Kc5-b4 die Antwort a5-a6, b7xa6, Ld3-f5, Lc8-b7, Lf5-e4 zur Verfügung.
Ferner darf er bei der Aufstellung seines Königs auf g2 seinen Läufer nicht
nach f1 bringen, wenn der Läufer des Schwarzen auf d7 steht, denn dann geht
Ld7-b5, a5-a6, Lb5xf1+ mit Gewinn. Wenn er sich daran hält, kann Schwarz nicht
weiterkommen.}) 37. g4 fxg4 38. Bxh7 gxf3 39. Kxf3 Kc7 40. Bd3 Kd6 41. b5 Kc5
42. a6 bxa6 43. bxa6 Kd4 44. Bf1 e4+ 45. Kg3 1/2-1/2

[Event "Sigeman & Co 06th"]
[Site "Malmo"]
[Date "1998.06.09"]
[Round "1"]
[White "Cramling, Pia"]
[Black "Hector, Jonny"]
[Result "1/2-1/2"]
[WhiteElo "2535"]
[BlackElo "2505"]
[Annotator "Huebner,R"]
[PlyCount "38"]
[EventDate "1998.06.09"]
[EventType "tourn"]
[EventRounds "9"]
[EventCountry "SWE"]
[EventCategory "13"]
[SourceTitle "CBM 066"]
[Source "ChessBase"]
[SourceDate "1998.09.30"]
[SourceVersion "1"]
[SourceVersionDate "1998.09.30"]
[SourceQuality "1"]

1. d4 d5 2. Nf3 Nf6 3. c4 c6 4. Nc3 dxc4 5. a4 Bf5 6. Ne5 e6 7. f3 Bb4 8. e4
Bxe4 9. fxe4 Nxe4 10. Bd2 Qxd4 11. Nxe4 Qxe4+ 12. Qe2 Bxd2+ 13. Kxd2 Qd5+ 14.
Kc2 Na6 15. Nxc4 O-O 16. Qe5 Rab8 {Dies ist ein listiger Zug, der bisher
vielleicht nicht genügend gewürdigt worden ist. Wenn Weiß die Damen auf d5
tauscht, so ist es nützlich, daß der b-Bauer in dem entstehenden Endspiel
schon gedeckt ist (nach Sc4-d6 oder Sc4-a5). Für den Fall, daß Weiß den
Damentausch meidet, kann Schwarz nach b7-b5, a4xb5 zu einem heftigen Angriff
kommen, indem er mit dem Turm auf b5 zurückschlägt.} 17. Rd1 (17. Be2 f6 (17...
Nb4+ 18. Kb3 b5 19. axb5 Rxb5 20. Qxd5 cxd5 21. Ne3 Rb7 22. Kc3 Nc6 23. Nd1 Rc8
$15 {1/2-1/2 Malaniuk,V-Milov,L/Simferopol/Alushta 1992 (65)}) 18. Qxd5 (18.
Qe3 Nb4+ {gefolgt von b7-b5 sieht zu gefährlich für Weiß aus.}) 18... cxd5 19.
Nd6 (19. Na5 Rfc8+ 20. Kd2 Nc5 {sieht ungünstig für Weiß aus.}) (19. Nd2 Rfc8+
20. Kb3 Nc5+ 21. Kb4 {war aber vielleicht solider als der Textzug.}) 19... Nb4+
20. Kb1 (20. Kb3 {überläßt dem Schwarzen Vorteil:} Nc6 21. Rad1 a6 22. Bg4 f5
23. Bxf5 exf5 24. Rxd5 $17) (20. Kc3 Nc6 21. Nb5 {sieht aber folgerichtiger
aus.}) 20... a6 21. Ra3 Nc6 22. Rc1 Nd4 23. Bf1 Rfd8 24. Rd3 e5 25. Rxd4 exd4
26. Nf5 g6 27. Nxd4 Rbc8 28. Rd1 f5 29. Be2 Kf7 30. Bf3 Kf6 31. Nc2 a5 32. Ne3
Rc5 33. Rxd5 Rcxd5 34. Nxd5+ Ke5 35. Ne3 Kd4 36. Nd1 Rd7 37. Kc2 g5 38. h3 Rg7
39. Kd2 g4 40. hxg4 fxg4 41. Be2 h5 {Sergejev,R-Haba,P/EU-chTM 1997/1/2-1/2 
(105)}) 17... Nb4+ 18. Kc1 Na2+ 19. Kc2 Nb4+ 1/2-1/2

[Event "RUS-chT 05th"]
[Site "Maikop"]
[Date "1998.06.11"]
[Round "9"]
[White "Solozhenkin, Evgeniy"]
[Black "Shovunov, Baatr"]
[Result "1-0"]
[WhiteElo "2500"]
[BlackElo "2475"]
[Annotator "Huebner,R"]
[PlyCount "81"]
[EventDate "1998.06.03"]
[EventType "team-tourn"]
[EventRounds "11"]
[EventCountry "RUS"]
[SourceTitle "CBM 066"]
[Source "ChessBase"]
[SourceDate "1998.09.30"]
[SourceVersion "1"]
[SourceVersionDate "1998.09.30"]
[SourceQuality "1"]
[WhiteTeam "Sankt Petersburg"]
[BlackTeam "Elista Uralan"]
[WhiteTeamCountry "RUS"]
[BlackTeamCountry "RUS"]

1. d4 d5 2. Nf3 Nf6 3. c4 c6 4. Nc3 dxc4 5. a4 Bf5 6. Ne5 Nbd7 7. Nxc4 Qc7 8.
g3 e5 9. dxe5 Nxe5 10. Bf4 Nfd7 11. Bg2 f6 12. O-O Nc5 13. e4 Bg6 14. Qe2 Bf7
15. Ne3 Ne6 16. Rac1 Bc5 17. b4 Nxf4 18. gxf4 Bxe3 19. Qxe3 Nc4 20. Qg3 O-O 21.
Rfe1 Rfe8 22. e5 fxe5 23. Ne4 Kh8 24. Ng5 Bg8 25. fxe5 Rxe5 26. Re4 Qe7 27.
Rcxc4 Qxg5 28. Rxe5 Qxg3 29. hxg3 Bxc4 30. b5 Rc8 31. Re7 Bb3 $2 (31... a6 {
führt zu einer Remisstellung.}) 32. bxc6 bxc6 33. Rxa7 c5 34. a5 c4 35. Bd5 h6
36. a6 Ba4 37. Be6 Rc5 38. Rb7 Bc6 39. Rc7 c3 40. a7 c2 41. a8=Q+ 1-0